El elogio de la conciencia: la verdad interroga al corazón

Պահպանված է:
Մատենագիտական մանրամասներ
Հիմնական հեղինակներ: Ratzinger, Joseph, Papa (autor), Benedicto XVI (Հեղինակ)
Ձևաչափ: Գիրք
Լեզու:իսպաներեն
Հրապարակվել է: Madrid Ediciones Palabra S. A 2010
Հրատարակություն:2a. ed
Շարք:Libros Palabra, 51
Խորագրեր:
Ցուցիչներ: Ավելացրեք ցուցիչ
Չկան պիտակներ, Եղեք առաջինը, ով նշում է այս գրառումը!

MARC

LEADER 00000cam a2200000 a 4500
001 UCE0464
003 CL-VaPUC
008 140116e20101000sp |||||||||||||||||spa|d
020 |a 9788498403619 
082 0 4 |a 214  |b RAT  |2 21 
100 |a Ratzinger, Joseph,   |c Papa  |e autor   |9 494399 
700 0 |a Benedicto XVI  |e author  |9 494398 
245 1 3 |a El elogio de la conciencia: la verdad interroga al corazón 
250 |a 2a. ed 
300 |a 138 p 
942 |c BK 
945 |d 20140116 11:53:00  |a dcastane 
260 |a Madrid  |b Ediciones Palabra S. A  |c 2010 
650 0 |a Conciencia  |9 309452 
650 0 |a Verdad  |9 313815 
650 0 |a Bien y mal   |9 311093 
583 |a last modification  |c 20140116 11:53:00  |k Rodrigo Vera 
490 0 |a Libros Palabra, 51 
999 |c 354585  |d 354583 
952 |0 0  |1 0  |3 erb  |4 0  |6 214_000000000000000_RAT_2010  |7 0  |8 A  |9 460548  |a BIBEDU  |b BIBEDU  |i 5051312  |o 214 RAT 2010  |p 5051312  |r 2019-11-23  |w 2019-11-23  |y BK  |z Catalogado en:20140116  |k EPE